000 01371nam a22003497a 4500
003 CHAP
005 20220817044324.0
008 100304s1985 mx r 00010 spa d
010 _a97672
011 _a98644
020 _a968429431X
035 _a109329
040 _cCHAP
082 0 4 _a307.141298
_bC32y
110 2 _aCentro de Estudios Económicos y Sociales del Tercer Mundo. México
_921073
245 1 0 _aPequeños agricultores en el Caribe y América Latina :
_bexploraciones en un programa de investigación y acción
_c/por Centro de Estudios Económicos y Sociales del Tercer Mundo
260 _aMéxico :
_bCEESTEM :
_bUNESCO,
_c1985
300 _a298 p.
534 _pTít. original :
_tSmall farmers in the Caribbean and Latin America : explorations into a progrmme of research and action
_c1984
590 _aBATCH-UPD
_b10
_c20130110
_lUCH01
_h0958
590 _aBATCH-UPD
_b10
_c20130410
_lUCH01
_h0610
590 _aBATCH-UPD
_b10
_c20130914
_lUCH01
_h0830
590 _aCONVERSION
_b10
_c20130109
_lUCH01
_h1354
650 1 4 _aAmerica Latina
_xCondiciones rurales.
650 1 4 _aCampesinado
_xAmérica Latina.
_917996
650 1 4 _aCaribe
_xCondiciones rurales.
_918959
650 1 4 _aDesarrollo rural.
_932067
901 _aBK
911 _aen proceso
942 _cLIBRO
949 _a307.141298 C32y
_bBC
_cLIBRO
_d33724002052462
_eLIBRO
_h112013
_i109329
_sb
999 _c97672
_d97672